| 000 | 00448nam a22001817a 4500 | ||
|---|---|---|---|
| 003 | MPLRDC | ||
| 005 | 20220104123555.0 | ||
| 008 | 210129b ||||| |||| 00| 0 eng d | ||
| 020 | _a957-724-046-1 | ||
| 082 | _a411.1 STTZC | ||
| 100 | _a上田铁之丞 | ||
| 245 |
_a献给大忙人的健康学 _c |
||
| 260 |
_a _b建宏出版社 _c |
||
| 300 | _b平 | ||
| 490 | _a健康生活丛书. 121 | ||
| 650 | _a健康法 | ||
| 942 |
_cBK _o411.1 STTZC |
||
| 999 |
_c12501 _d12491 |
||